• 首页
  • 本馆介绍
  • 公告通知
  • 最新文献
  • 馆藏检索
  • 电子资源
  • 读者导购
  • 参考咨询
  • 我的图书馆
  • 登录
  • 详细信息显示
  • 放入我的书架
  • 预约/预借图书
  • 作者相关作品
  • 分类相关作品
  • 丛书相关作品
  • 出版社相关作品

书目信息

  • 表格格式
  • 工作单格式
  • 卡片格式
题名:
五官科学及护理
    
 
作者: 《五官科学及护理》编写修订组修编
分册:  
出版信息: 北京   战士出版社  1981
页数: 235页
开本: 19cm
丛书名:
单 册:
中图分类: R76
科图分类:
主题词: 五官科学--教材 , 护理-五官科学--教材
电子资源:
ISBN:
000 00623nam0 2200241 45
001 0181001387
005 20061122105534.79
010    @dCNY0.98
091    @aCN@b14185.22
100    @a19950303d1981 em y0chiy0121 ea
101 0  @achi
102    @aCN@b110000
105    @ay z 000yy
200 10 @a五官科学及护理@Awu guan ke xue ji hu li@f《五官科学及护理》编写修订组修编
210    @a北京@c战士出版社@d1981
215    @a235页@d19cm
300    @a护士教材
606    @a五官科学@x教材
606    @a护理-五官科学@x教材
690    @aR76@v3
801  2 @aCN@bNLC@c20061122
801  0 @aCN@bTSSF
905    @a10447@dR76@e3
    
    五官科学及护理/《五官科学及护理》编写修订组修编.-北京:战士出版社,1981
    235页;19cm
    护士教材
    
    ISBN :CNY0.98
    
●
相关链接 在E读中查询图书 在五车中查询图书 在当当中查询图书 在豆瓣中查询图书


正题名:五官科学及护理     索取号:R76/3         预约/预借

序号 登录号 条形码 馆藏地/架位号 状态 备注
1 0041780   000717013   第二样本阅览室/ [索取号:R76/3] 在馆    
唐山师范学院图书馆 欢迎您!
大连网信软件有限公司© 版权所有